chanteurs / groupes anglophones de A à Z - Statistiques

Statistiques générales
  • Ce quiz a été pris 215 fois
  • Le résultat moyen est 12 sur 26
Statistiques - réponses
Hint Réponse % Correct
B toxic / oops!...I did it again / baby one more time Britney Spears
92%
Q Bohemian Rhapsody / love of my life / we will rock you Queen
87%
R man down / russian roulette / umbrella Rihanna
81%
S whenever, wherever / can't remember to forget you / la tortura Shakira
79%
E not afraid / mockingbird / lose yourself Eminem
78%
I thunder / demons / birds Imagine Dragons
73%
L video games / west coast / pretty when you cry Lana Del Rey
72%
M we can't stop / flowers / party in the U.S.A. Miley Cyrus
69%
D new rules / houdini / be the one Dua Lipa
68%
W i will always love you / I have nothing / I wanna dance with somebody Whitney Houston
63%
U with or without you / one / atomic city U2
55%
O drivers license / vampire / all i want Olivia Rodrigo
54%
T another love / black friday / heal Tom Odell
53%
P timber / international love / rain over me Pitbull
50%
G careless whisper / one more time / faith George Michael
41%
Z pillowtalk / dusk till down / what i am Zayn Malik
35%
A lonely / don't matter / right now Akon
31%
N i put a spell on you / i feel good / ain't got no, i got life Nina Simone
23%
J naked / say you won't let go / car's outside James Arthur
22%
V riptide / mess is mine / fire and the flood Vance Joy
21%
F big girls don't cry / L.A.LOVE / clumsy Fergie
15%
K better / location / saved Khalid
11%
X unsteady / renegades / half-life X Ambassadors
10%
H best part / every kind of way / changes H.E.R.
5%
Y mind over matter / cought syrup / my body Young the giant
4%
C main girl / dirty dirty / meaningless Charlotte Cardin
3%
Aucun quiz correspondant
Distribution des résultats
% des personnes avec chaque résultat
Percentile par nombre de réponses
Votre historique - résultats
Vous n’avez pas pris ce quiz